00780nam a22002537a 45000010005000000030006000050050017000110080041000280200018000690400029000870500008001160820010001241000015001342450042001492600049001913000049002404900021002895050008003105210029003185210020003479420015003679990015003829520129003977511FISKH20250722145742.0250722b cb ||||| |||| 00| 0 eng d a9781842392331 aFISKHbengcFISKHdFISKH aPZ7 a398.2 aAlligator  aBeauty and the beast /cBy Alligator  aLondon : bAlligator Books Limited , c2005. a20 pages : bcolor illustrations ;c24 cm .  aA princess tale  aK 8 a510 bLexile estimate 8 aK bRaz-Plus  2ddccBKn0 c7511d7511 00102ddc40708JUVFa002b002cTTP Yellow d2025-07-22l0oALL PZ7 398.2pFISBK00346r2025-07-22 14:57:38w2025-07-22yBK